Score 0/20 Timer 05:00
0 Plays Today
% Correct
runs out of things to laugh at.
93.5%
some days, you're the statue.
92.8%
eating this cookie.
92.6%
don't pet the sweaty things.
92.3%
is in another cookie.
91.3%
a frustrated optimist.
90%
in the nude.
89.8%
others, of cookies.
89.2%
go far tonight.
88.8%
when you get tired of thinking.
88.7%
% Correct
stuck inside a fortune cookie factory!
88.5%
disregard all other fortune telling units.
87.5%
is losing ground.
87%
you're in the wrong lane.
86.9%
Abort. Retry. Ignore.
85.2%
won't change the subject.
84.6%
stop procrastinating.
82.9%
there is no try.
78.4%
hungry again in an hour.
77.9%
gathers no feet.
64.1%
Remove Ads.
Support Sporcle.
Get the best of Sporcle when you Go Orange. This ad-free experience offers more features, more stats, and more fun while also helping to support Sporcle. Thank you for becoming a member.

You're not logged in!

Compare scores with friends on all Sporcle quizzes.
OR
Log In

Show Comments

Extras

Top Quizzes Today


Score Distribution

Your Account Isn't Verified!

In order to create a playlist on Sporcle, you need to verify the email address you used during registration. Go to your Sporcle Settings to finish the process.

Report this User

Report this user for behavior that violates our Community Guidelines.

Details: